|
|
|
|
| LEADER |
03480nam a2200793 a 4500 |
| 001 |
nkc20102127664 |
| 003 |
CZ PrNK |
| 005 |
20110202112735.0 |
| 007 |
ta |
| 008 |
100922s2010 xr ah e fc 000 0dcze |
| 015 |
|
|
|a cnb002127664
|
| 020 |
|
|
|a 978-80-86944-40-1
|q (brož.)
|
| 035 |
|
|
|a (OCoLC)697264978
|
| 040 |
|
|
|a OLA001
|b cze
|d ABA001
|
| 043 |
|
|
|a e-xr---
|b e-xr-pl
|2 czenas
|
| 045 |
|
|
|a t-x-
|
| 072 |
|
7 |
|a 025
|x Organizace knihoven a knihovních fondů
|2 Konspekt
|9 12
|
| 080 |
|
|
|a 027.021
|2 MRF
|
| 080 |
|
|
|a 025.171
|2 MRF
|
| 080 |
|
|
|a 025:09
|2 MRF
|
| 080 |
|
|
|a 09
|2 MRF
|
| 080 |
|
|
|a 070.48
|2 MRF
|
| 080 |
|
|
|a 025.7/.9
|2 MRF
|
| 080 |
|
|
|a 027.1
|2 MRF
|
| 080 |
|
|
|a (437.317)
|2 MRF
|
| 080 |
|
|
|a (036)
|2 MRF
|
| 080 |
|
|
|a (083.82)
|2 MRF
|
| 110 |
2 |
|
|a Studijní a vědecká knihovna Plzeňského kraje (Plzeň, Česko)
|7 ko20010092613
|
| 245 |
1 |
0 |
|a Poklady Studijní a vědecké knihovny Plzeňského kraje /
|c [uspořádala Ivanka Horáková ; autoři odborných statí Pavlína Doležalová, Marie Hálová]
|
| 250 |
|
|
|a Vyd. 1.
|
| 260 |
|
|
|a Plzeň :
|b Pro Plzeňský kraj vydala Studijní a vědecká knihovna Plzeňského kraje,
|c 2010
|
| 300 |
|
|
|a 60 s. :
|b il. (některé barev.), faksim. ;
|c 23 cm
|
| 500 |
|
|
|a 1000 výt.
|
| 504 |
|
|
|a Obsahuje bibliografii
|
| 610 |
2 |
7 |
|a Studijní a vědecká knihovna Plzeňského kraje (Plzeň, Česko)
|7 ko20010092613
|2 czenas
|
| 648 |
|
7 |
|a 16.-20. století
|7 ch757031
|2 czenas
|
| 648 |
|
7 |
|a 19.-20. století
|7 ch757015
|2 czenas
|
| 650 |
0 |
7 |
|a vědecké knihovny
|7 ph127369
|z Česko
|2 czenas
|
| 650 |
0 |
7 |
|a historické knihovní fondy
|7 ph172933
|z Česko
|2 czenas
|
| 650 |
0 |
7 |
|a vzácné knihovní fondy
|7 ph262214
|z Česko
|2 czenas
|
| 650 |
0 |
7 |
|a vzácné knihy
|7 ph116657
|z Česko
|y 16.-20. století
|2 czenas
|
| 650 |
0 |
7 |
|a noviny
|7 ph115463
|z Česko
|y 16.-20. století
|2 czenas
|
| 650 |
0 |
7 |
|a ochrana knihovních fondů
|7 ph115550
|z Česko
|2 czenas
|
| 650 |
0 |
7 |
|a soukromé knihovny
|7 ph125870
|z Česko
|y 19.-20. století
|2 czenas
|
| 650 |
0 |
9 |
|a research libraries
|z Czechia
|2 eczenas
|
| 650 |
0 |
9 |
|a historical book collections
|z Czechia
|2 eczenas
|
| 650 |
0 |
9 |
|a rare library collections
|z Czechia
|2 eczenas
|
| 650 |
0 |
9 |
|a rare books
|z Czechia
|y 16th-20th centuries
|2 eczenas
|
| 650 |
0 |
9 |
|a newspapers
|z Czechia
|y 16th-20th centuries
|2 eczenas
|
| 650 |
0 |
9 |
|a preservation of library collections
|z Czechia
|2 eczenas
|
| 650 |
0 |
9 |
|a private libraries
|z Czechia
|y 19th-20th centuries
|2 eczenas
|
| 651 |
|
7 |
|a Plzeň (Česko)
|7 ge130439
|2 czenas
|
| 651 |
|
9 |
|a Plzeň (Czechia)
|2 eczenas
|
| 655 |
|
7 |
|a informační publikace
|7 fd132454
|2 czenas
|
| 655 |
|
7 |
|a katalogy
|7 fd132535
|2 czenas
|
| 655 |
|
9 |
|a information publications
|2 eczenas
|
| 655 |
|
9 |
|a catalogs
|2 eczenas
|
| 700 |
1 |
|
|a Horáková, Ivana,
|d 1947-
|7 xx0019552
|4 com
|
| 700 |
1 |
|
|a Doležalová, Pavlína,
|d 1975-
|7 xx0021480
|4 aut
|4 pht
|
| 700 |
1 |
|
|a Hálová, Marie,
|d 1952-
|7 jn20000401146
|4 aut
|
| 710 |
1 |
|
|a Plzeňský kraj (Česko : 2000-)
|7 ge135835
|
| 856 |
4 |
1 |
|u https://www.digitalniknihovna.cz/mzk/uuid/uuid:f51a4660-91c8-11ed-a93c-005056827e51
|y Digitalizovaný dokument
|x NDK
|
| 910 |
2 |
|
|a BOA001
|b 2-1254.043
|
| 928 |
9 |
|
|a Studijní a vědecká knihovna Plzeňského kraje
|
| 990 |
|
|
|a BK
|
| 995 |
|
|
|a 01
|
| 991 |
|
|
|b 201012
|c NOV
|e n
|g g
|
| 996 |
6 |
|
|b 2610455429
|c 2-1254.043
|l MZK
|r Sklad / do 1 hodiny
|n 1
|p p.v.
|w 001159359
|u 000010
|a 1
|e BOA001
|j MZK50
|s P
|
| 996 |
6 |
|
|b 2610486739
|c 2-1254.043
|l Stud. starých tisků/4.patro
|r PST
|n 0
|h SCH4
|w 001159359
|u 000020
|a 1
|e BOA001
|j MZK50
|s P
|